Sports Quiz

Random Sports Quiz

2014 Season PBA Bowlers Quiz Stats

Quiz not verified by Sporcle

Challenge
Share
Tweet
Embed
Score 0/57 Timer 10:00
0 Plays Today
Years on tour Answer % Correct
2008-Jason Belmonte
92.6%
1979-Pete Weber
85.2%
2005-Sean Rash
81.5%
1982-Norm Duke
79%
1998-Chris Barnes
76.5%
2009-Stuart Williams
74.1%
1984-Parker Bohn III
67.9%
2000-Tommy Jones
66.7%
2001-Wes Malott
66.7%
1999-Patrick Allen
56.8%
2002-Mike Fagan
54.3%
1999-Dick Allen
51.9%
2012-E.J. Tackett
51.9%
1980-Walter Ray Williams Jr.
49.4%
2010-Dom Barrett
46.9%
1999-Mika Koivuniemi
46.9%
2009-Osku Palermaa
45.7%
2003-Tom Smallwood
45.7%
2005-Bill O'Neill
43.2%
2007-Ryan Ciminelli
42%
1992-Bryon Smith
42%
2007-Rhino Page
38.3%
2003-Ronnie Russell
34.6%
2001-Tom Daugherty
28.4%
2008-Scott Norton
28.4%
1989-Mike Scroggins
28.4%
1986-Ryan Shafer
28.4%
2011-Josh Blanchard
27.2%
2004-Kelly Kulick
27.2%
Years on tour Answer % Correct
2009-Martin Larsen
27.2%
2005-Andres Gomez
25.9%
2009-Thomas Larsen
25.9%
1994-Michael Haugen Jr.
24.7%
2002-Brad Angelo
23.5%
2003-Chris Loschetter
23.5%
2002-D.J Archer
22.2%
1986-Jack Jurek
19.8%
2001-Michael Machuga
19.8%
2009-Dan MacLelland
19.8%
2011-Jake Peters
19.8%
2006-Jason Sterner
18.5%
1995-Mike DeVaney
17.3%
2003-Tom Hess
17.3%
1986-Eugene McCune
17.3%
2001-Mike Wolfe
17.3%
2006-Todd Book
14.8%
2005-Dino Castillo
14.8%
1990-Dave Wodka
14.8%
2010-John Szczerbinski
13.6%
1997-Lonnie Waliczek
13.6%
2003-Nathan Bohr
12.3%
2003-Patrick Girard
12.3%
2001-Brian Kretzer
12.3%
2008-Jesse Buss
11.1%
2012-Craig Nidiffer
11.1%
2009-Anthony LaCaze
9.9%
2003-Jon VanHees
9.9%

You're not logged in!

Compare scores with friends on all Sporcle quizzes.
Join for Free
OR
Log In

You Might Also Like...

Show Comments

Extras

Created Feb 17, 2014ReportNominate
Tags:2013-2014, 2014, bowler, season

Top Quizzes Today


Score Distribution

Your Account Isn't Verified!

In order to create a playlist on Sporcle, you need to verify the email address you used during registration. Go to your Sporcle Settings to finish the process.

Report this User

Report this user for behavior that violates our Community Guidelines.

Details: